| 000 | 00656nam a2200193 i 4500 | ||
|---|---|---|---|
| 001 | 40162 | ||
| 003 | ES-MaACL | ||
| 005 | 20230912063108.0 | ||
| 007 | t| | ||
| 008 | 030305s1876 sp ||||1| spa d | ||
| 080 | _a081 Cañamaque y Jiménez, Francisco | ||
| 100 | 1 |
_aCañamaque y Jiménez, Francisco, _d1851-1891 _934730 |
|
| 245 | 1 | 0 |
_aMiscelánea histórica, política y literaria / _cFrancisco Cañamaque y Jiménez ; con un prólogo por Antonio Luis Carrión. |
| 260 |
_aMadrid : _b[s.n.], _c1876. |
||
| 300 |
_a236 p. ; _c22 cm. |
||
| 700 | 1 |
_aCarrión, Antonio Luis. _935794 |
|
| 852 |
_aES-MaACL _jT-316-F-3 |
||
| 999 |
_c40162 _d40162 |
||